Normal view
MARC view
- Jalongo,Mary.R , Isenberg,Joan.P ،طبال،سهى عبد الرحيم/ترجمة
Entry Personal Name
001 - CONTROL NUMBER
- control field: 43057
003 - CONTROL NUMBER IDENTIFIER
- control field: JO-AjAnu
005 - DATE AND TIME OF LATEST TRANSACTION
- control field: 20230606081135.0
008 - FIXED-LENGTH DATA ELEMENTS
- fixed length control field: 230606|| aca||aabn | a|a d
040 ## - CATALOGING SOURCE
- Original cataloging agency: JO-AjAnu
- Transcribing agency: JO-AjAnu
100 ## - HEADING--PERSONAL NAME
- Personal name: Jalongo,Mary.R , Isenberg,Joan.P ،طبال،سهى عبد الرحيم/ترجمة
670 ## - SOURCE DATA FOUND
- Source citation: Work cat.: (JO-AjAnu)22051: Jalongo,Mary.R , Isenberg,Joan.P ،طبال،سهى عبد الرحيم/ترجمة, author, التفكير الابداعي والتعلم المبني على الفنون =Creative Thinking and Arts-Based Learning Preschool Through Fourth Grade